FAO's role in rural welfare.

Bibliographic Details
Main Author: Santa Cruz, Hernán
Format: Book
Language:English
Published: Rome : Food and Agriculture Organization of the United Nations, 1959.
Subjects:

MARC

Tag First Indicator Second Indicator Subfields
LEADER 00000cam a2200000 4500
001 in00000054015
005 20151008051416.0
008 770630s1959 it 00000 eng c
010 |a a 60002565  
035 |a (OCoLC)03084404 
035 |9 AAG7701AM 
040 |a Arizona. Univ. Libr.  |c IQU  |d TXA  |d UtOrBLW 
049 |a TXAM  |c [318720] 
050 0 0 |a HV67  |b .S3 
082 0 |a 362.8 
092 |a 362.8  |b S231f 
100 1 |a Santa Cruz, Hernán. 
245 1 0 |a FAO's role in rural welfare. 
264 1 |a Rome :  |b Food and Agriculture Organization of the United Nations,  |c 1959. 
300 |a xviii, 177 pages ;  |c 23 cm. 
336 |a text  |b txt  |2 rdacontent 
337 |a unmediated  |b n  |2 rdamedia 
338 |a volume  |b nc  |2 rdacarrier 
500 |a "C 59/5." 
610 2 0 |a Food and Agriculture Organization of the United Nations. 
650 0 |a Social service, Rural. 
999 |a MARS 
999 f f |s e0fa8f91-7dc1-302b-b355-fb60cd8a9504  |i 1d4354af-0ac7-3a07-9c2d-44cd48e7278a  |t 0 
952 f f |p ric  |a Texas A&M University  |b Rellis Campus  |c Joint Library Facility  |d Remote Storage  |t 0  |e HV67 .S3  |h Library of Congress classification  |i unmediated -- volume  |m A14800811254 
998 f f |a HV67 .S3  |t 0  |l Remote Storage